[Event "NK Jeugd Cm"]
[Site "Assen"]
[Date "2017.04.26"]
[Round "5.10"]
[White "Basa, Manasvita"]
[Black "Rijken, Heidi"]
[Result "1-0"]
[WhiteElo "935"]
[BlackElo "1035"]
[PlyCount "109"]
[EventDate "2017.??.??"]

1. e4 d5 2. exd5 Qxd5 3. Nc3 Qa5 4. Nf3 Nf6 5. Bc4 Bg4 6. h3 Bh5 7. d3 c6 8.
Bd2 Qc7 9. Qe2 Nbd7 10. O-O-O O-O-O 11. g4 Bg6 12. Rhf1 e6 13. Bg5 Be7 14. Ne4
h6 15. Bh4 Rhe8 16. Bg3 Qb6 17. Nd6+ Bxd6 18. Bxd6 Rg8 19. Bg3 Nc5 20. b3 Ncd7
21. Ne5 Nxe5 22. Qxe5 Nd7 23. Qe2 a6 24. f4 Rgf8 25. Rde1 Bh7 26. f5 exf5 27.
gxf5 Bg8 28. Bd6 Nf6 29. Bxf8 Rxf8 30. Qe3 Qxe3+ 31. Rxe3 b5 32. Bxb5 axb5 33.
Rg1 g5 34. fxg6 fxg6 35. Rxg6 Kb7 36. Rxh6 Nd5 37. Rg3 Kb6 38. Rgg6 Ne7 39. Rf6
Ra8 40. Kb2 Kc7 41. Rh8 Ra6 42. h4 Bd5 43. h5 Ng8 44. Rg6 Ra8 45. h6 c5 46. h7
Ne7 47. Rxa8 Nxg6 48. h8=Q Nxh8 49. Rxh8 Kb6 50. c4 bxc4 51. bxc4 Bf3 52. Rh6+
Ka5 53. Re6 Kb4 54. Ra6 Be2 55. a3# 1-0

[Event "NK Jeugd Cm"]
[Site "Assen"]
[Date "2017.04.26"]
[Round "5.11"]
[White "Van Dongen, Lana"]
[Black "Lukasiak, Alicja"]
[Result "1-0"]
[WhiteElo "906"]
[BlackElo "175"]
[PlyCount "53"]
[EventDate "2017.??.??"]

1. c4 e5 2. Nc3 Nf6 3. g3 Bb4 4. Bg2 Bxc3 5. bxc3 Nc6 6. d3 d5 7. cxd5 Nxd5 8.
c4 Nf6 9. Rb1 O-O 10. Nf3 Bf5 11. Rxb7 e4 12. Nh4 Nd4 13. Nxf5 Nxf5 14. O-O Re8
15. Bg5 exd3 16. Qxd3 Qxd3 17. exd3 Re6 18. Rxc7 Ng4 19. Bxa8 h6 20. Bd2 Nd4
21. Be4 Ne2+ 22. Kg2 Nf6 23. Rc8+ Ne8 24. Bc6 Kf8 25. Bb4+ Kg8 26. Rxe8+ Rxe8
27. Bxe8 1-0

[Event "NK Jeugd Cm"]
[Site "Assen"]
[Date "2017.04.26"]
[Round "6.1"]
[White "Roebers, Eline"]
[Black "Martinez, Sara"]
[Result "1-0"]
[WhiteElo "1788"]
[BlackElo "1496"]
[PlyCount "83"]
[EventDate "2017.??.??"]

1. f4 d5 2. Nf3 Nf6 3. e3 g6 4. d4 Bg7 5. c3 Bf5 6. Be2 O-O 7. O-O Nbd7 8. Ne5
Nxe5 9. fxe5 Ne4 10. Qe1 f6 11. exf6 Bxf6 12. Nd2 e5 13. Nf3 exd4 14. exd4 Bg7
15. Qd1 Qd6 16. Qb3 a6 17. c4 c6 18. cxd5 cxd5 19. Bd3 b5 20. Re1 Kh8 21. Be3
Rae8 22. Rac1 Bg4 23. Be2 Re7 24. Rc2 Rfe8 25. Ne5 Bxe5 26. dxe5 Qe6 27. Bxg4
Qxg4 28. Qxd5 Rd7 29. Qc6 Red8 30. Rcc1 Qf5 31. Bb6 Re8 32. Qxe4 Qxe4 33. Rxe4
Rd2 34. e6 Rd6 35. Bd4+ Kg8 36. e7 Rd7 37. Bc5 Rb7 38. Rf1 Rbb8 39. Ref4 Kg7
40. Rf7+ Kh6 41. Be3+ Kh5 42. Rxh7+ 1-0

[Event "NK Jeugd Cm"]
[Site "Assen"]
[Date "2017.04.26"]
[Round "6.2"]
[White "Adema, Marrit"]
[Black "Mang, Jessie"]
[Result "1/2-1/2"]
[WhiteElo "1379"]
[BlackElo "1552"]
[PlyCount "82"]
[EventDate "2017.??.??"]

1. d4 d5 2. c4 e6 3. Nc3 Nf6 4. cxd5 exd5 5. Bg5 c6 6. e3 Bf5 7. Qf3 Bg6 8.
Bxf6 Qxf6 9. Qxf6 gxf6 10. Nf3 Nd7 11. Kd2 Bd6 12. Bd3 O-O-O 13. Rhc1 Kb8 14.
a4 a5 15. h3 Rhg8 16. Nh4 Bb4 17. g4 h5 18. Rg1 Nb6 19. b3 Nc8 20. Rac1 Rde8
21. Bxg6 fxg6 22. gxh5 g5 23. Nf5 Rh8 24. Rg4 Reg8 25. Rcg1 Rxh5 26. h4 Kc7 27.
hxg5 Rhxg5 28. Rxg5 fxg5 29. Rg4 Kd7 30. f4 Ke6 31. Ng3 Kf6 32. Kd3 Ne7 33. e4
gxf4 34. Nh5+ Ke6 35. Nxf4+ Kd6 36. e5+ Kd7 37. Rxg8 Nxg8 38. Nce2 Ne7 39. Ng1
Nf5 40. Nf3 Bf8 41. Ne2 b6 1/2-1/2

[Event "NK Jeugd Cm"]
[Site "Assen"]
[Date "2017.04.26"]
[Round "6.3"]
[White "Honkoop, Stella"]
[Black "De Putter, Nina"]
[Result "1/2-1/2"]
[WhiteElo "1389"]
[BlackElo "1459"]
[PlyCount "99"]
[EventDate "2017.??.??"]

1. e4 d5 2. exd5 Nf6 3. Nf3 Nxd5 4. d4 g6 5. Bc4 Nb6 6. Bb3 Bg7 7. O-O O-O 8.
Bf4 Nc6 9. c3 Bg4 10. Nbd2 e5 11. dxe5 Nxe5 12. Bxe5 Bxe5 13. h3 Bxf3 14. Nxf3
Bg7 15. Re1 a5 16. a4 h6 17. Qxd8 Raxd8 18. Re7 Rd7 19. Rae1 Rfd8 20. Bxf7+ Kh7
21. Rxd7 Rxd7 22. Be6 Rd8 23. Bf7 Nxa4 24. Rb1 b5 25. Bb3 Nb6 26. Bf7 b4 27.
cxb4 axb4 28. b3 Bc3 29. Rc1 Rd7 30. Be8 Re7 31. Bb5 Nc8 32. Ba4 Re2 33. Rd1
Nd6 34. Kh1 Rxf2 35. Kg1 Ra2 36. Kh2 Kg7 37. Rf1 Ne4 38. Rd1 Nd2 39. Nxd2 Bxd2
40. Rf1 g5 41. Rd1 Kf6 42. Rf1+ Bf4+ 43. Kh1 Ke5 44. Re1+ Kd4 45. Bb5 Kc3 46.
Bc4 c5 47. Rd1 Bd2 48. Rf1 Bf4 49. Rd1 Kc2 50. Re1 1/2-1/2

[Event "NK Jeugd Cm"]
[Site "Assen"]
[Date "2017.04.26"]
[Round "6.4"]
[White "Boghossian, Linet"]
[Black "Tiggelman, Laura"]
[Result "1-0"]
[WhiteElo "1288"]
[BlackElo "1114"]
[PlyCount "87"]
[EventDate "2017.??.??"]

1. e4 c5 2. Nf3 d6 3. d4 cxd4 4. Nxd4 Nf6 5. Nc3 g6 6. Bc4 Bg7 7. Be3 O-O 8.
O-O Nc6 9. Nb3 a6 10. f3 Qc7 11. Qe2 Bd7 12. Rab1 Rfe8 13. Nc1 Rac8 14. Bb3 Na5
15. Nd3 Nxb3 16. cxb3 Be6 17. Nf4 Qd7 18. Rfd1 h5 19. Na4 Rc6 20. Nc5 Qc8 21.
Ncxe6 fxe6 22. Nxg6 Rc2 23. Qe1 e5 24. Nh4 Qe6 25. Qg3 Nh7 26. Nf5 Qf6 27. Bh6
Ng5 28. Bxg5 Qg6 29. Nxe7+ Rxe7 30. Bxe7 Qxg3 31. hxg3 Kf7 32. Bxd6 Ke6 33. Bb4
Kf6 34. Bc3 Bh6 35. Rd6+ Kg7 36. Bxe5+ Kh7 37. Rbd1 Be3+ 38. Kh2 Bh6 39. Rd7+
Kg8 40. Rxb7 Rc5 41. Rd8+ Bf8 42. Bd6 Rf5 43. exf5 h4 44. Rxf8# 1-0

[Event "NK Jeugd Cm"]
[Site "Assen"]
[Date "2017.04.26"]
[Round "6.5"]
[White "De Zoeten, Cato"]
[Black "Arnold, Kiri"]
[Result "1/2-1/2"]
[WhiteElo "1269"]
[BlackElo "1104"]
[PlyCount "35"]
[EventDate "2017.??.??"]

1. e4 d6 2. d4 Nf6 3. Nc3 Nbd7 4. Nf3 e5 5. Bc4 Be7 6. O-O c6 7. a4 a5 8. h3
O-O 9. Be3 h6 10. Qe2 Qc7 11. Rad1 Re8 12. Nd2 Nf8 13. f4 Ng6 14. fxe5 dxe5 15.
Nf3 Bd6 16. d5 Bd7 17. dxc6 bxc6 18. Rd2 1/2-1/2

[Event "NK Jeugd Cm"]
[Site "Assen"]
[Date "2017.04.26"]
[Round "6.6"]
[White "Bruggink, Lyne"]
[Black "De Boer, Marit"]
[Result "0-1"]
[WhiteElo "849"]
[BlackElo "1194"]
[PlyCount "66"]
[EventDate "2017.??.??"]

1. e4 e5 2. Nf3 Nc6 3. Nc3 Bc5 4. g3 d6 5. Bg2 Nge7 6. Na4 Bb6 7. c3 O-O 8. d4
Ng6 9. Bg5 f6 10. Qb3+ Kh8 11. Be3 Bd7 12. O-O h6 13. Nxb6 axb6 14. a4 Na5 15.
Qc2 f5 16. h4 fxe4 17. Qxe4 Bf5 18. Qd5 Bd3 19. Rfe1 c6 20. Qa2 e4 21. Nh2 Bc4
22. Qb1 Bd3 23. Qa2 d5 24. Bf1 Bc4 25. Bxc4 Nxc4 26. Qb1 Qf6 27. Ng4 Qf5 28. h5
Nh4 29. gxh4 Qxg4+ 30. Kf1 Rf3 31. Qc1 Rh3 32. f3 Qxf3+ 33. Bf2 Rh1# 0-1

[Event "NK Jeugd Cm"]
[Site "Assen"]
[Date "2017.04.26"]
[Round "6.7"]
[White "Raulji, Kavya"]
[Black "Woest, Imre"]
[Result "1-0"]
[WhiteElo "1279"]
[BlackElo "1332"]
[PlyCount "63"]
[EventDate "2017.??.??"]

1. e4 c5 2. Nf3 d6 3. d4 cxd4 4. Nxd4 Nf6 5. Nc3 g6 6. Be2 Bg7 7. O-O O-O 8.
Be3 Nc6 9. Qd2 Bd7 10. Rad1 Rc8 11. f3 a6 12. h3 Nh5 13. Kh2 b5 14. Nxc6 Rxc6
15. a3 Qc8 16. g4 Nf6 17. Bh6 Rc5 18. Bxg7 Kxg7 19. f4 a5 20. e5 dxe5 21. fxe5
Rxe5 22. g5 Ne4 23. Qd4 Qb8 24. Nxe4 Kg8 25. Kg2 Bc6 26. Bf3 Bxe4 27. Bxe4
Rxg5+ 28. Kh1 Qc8 29. Qd7 Qc5 30. Rd5 Qe3 31. Rxg5 Qxe4+ 32. Rg2 1-0

[Event "NK Jeugd Cm"]
[Site "Assen"]
[Date "2017.04.26"]
[Round "6.8"]
[White "Stevanovic, Alexandra"]
[Black "Basa, Manasvita"]
[Result "0-1"]
[WhiteElo "839"]
[BlackElo "935"]
[PlyCount "92"]
[EventDate "2017.??.??"]

1. e4 e5 2. Nf3 Nc6 3. Bc4 Bc5 4. Nc3 Nf6 5. d3 h6 6. O-O d6 7. h3 Be6 8. Be3
Bb6 9. Nd2 O-O 10. Qf3 Nd4 11. Bxd4 Bxd4 12. Nd1 d5 13. Bb3 dxe4 14. Nxe4 Nxe4
15. Qxe4 c6 16. c3 Bd5 17. Bxd5 cxd5 18. Qf5 Bb6 19. Qxe5 f5 20. Ne3 Qg5 21.
Qxd5+ Kh7 22. Qxb7 f4 23. Ng4 h5 24. Nh2 Rae8 25. Rae1 Bxf2+ 26. Kxf2 Qg3+ 27.
Kg1 Rxe1 28. Rxe1 Qxe1+ 29. Nf1 a6 30. c4 Qb1 31. c5 Qxd3 32. Qe7 Qd4+ 33. Kh2
Qf6 34. Qe4+ Kh6 35. c6 Rc8 36. Qf3 Rxc6 37. g4 fxg3+ 38. Kxg3 Qxf3+ 39. Kxf3
Rc2 40. b4 Rxa2 41. Ne3 Ra3 42. Ke4 Rb3 43. Nd5 Rxh3 44. Kd4 g5 45. Nc7 g4 46.
Nxa6 g3 0-1

[Event "NK Jeugd Cm"]
[Site "Assen"]
[Date "2017.04.26"]
[Round "6.9"]
[White "Hatzmann, Mirthe"]
[Black "Van Essen, Marieke"]
[Result "1-0"]
[WhiteElo "915"]
[BlackElo "821"]
[PlyCount "85"]
[EventDate "2017.??.??"]

1. e4 e5 2. Nf3 Nc6 3. Bc4 Bc5 4. d3 h6 5. Nc3 d6 6. h3 Bd7 7. a3 Nf6 8. O-O
Qe7 9. Bd2 g5 10. b4 Bd4 11. Nxd4 Nxd4 12. Nd5 Nxd5 13. Bxd5 O-O-O 14. c3 c6
15. Ba2 Nb5 16. a4 Nc7 17. Be3 b6 18. a5 c5 19. axb6 axb6 20. Bc4 b5 21. Bb3
Rdg8 22. f3 h5 23. Ra5 Kb7 24. Qe2 g4 25. fxg4 Be6 26. Bxe6 Qxe6 27. g5 Ra8 28.
Rxa8 Nxa8 29. bxc5 dxc5 30. Bxc5 Kc6 31. Rf6 Qxf6 32. gxf6 Kxc5 33. Qe3+ Kd6
34. Qg5 Nc7 35. Qg7 Rd8 36. Qxf7 Rd7 37. Qxh5 Ke6 38. Qf5+ Kd6 39. f7 Ne6 40.
Qf6 Rxf7 41. Qxf7 Nf4 42. Qf6+ Ne6 43. h4 1-0

[Event "NK Jeugd Cm"]
[Site "Assen"]
[Date "2017.04.26"]
[Round "6.10"]
[White "Mang, Dalya"]
[Black "Van Dongen, Lana"]
[Result "0-1"]
[WhiteElo "1000"]
[BlackElo "906"]
[PlyCount "138"]
[EventDate "2017.??.??"]

1. d4 d5 2. c4 Nf6 3. Bf4 Bf5 4. e3 e6 5. Nc3 Nc6 6. Nf3 Bb4 7. Rc1 O-O 8. Bd3
Bxd3 9. Qxd3 Na5 10. Ne5 Nh5 11. Bg3 f6 12. Nf3 dxc4 13. Qe4 Qd5 14. Qxd5 exd5
15. O-O Nxg3 16. hxg3 Bxc3 17. bxc3 Nc6 18. Rfe1 Rfe8 19. Rb1 b6 20. Nd2 Nd8
21. e4 c6 22. exd5 Rxe1+ 23. Rxe1 cxd5 24. Re7 Nc6 25. Re6 Rc8 26. Nf1 Kf7 27.
Rd6 Ne7 28. Rd7 Ra8 29. Rd6 Ke8 30. Re6 Kd7 31. Re2 b5 32. f4 Re8 33. g4 Ng6
34. Rf2 a5 35. g5 fxg5 36. fxg5 Rf8 37. Re2 Rf5 38. Rb2 Kc6 39. Re2 Rxg5 40.
Re6+ Kb7 41. Ne3 Nf4 42. Re7+ Kb6 43. Kf2 Nd3+ 44. Kg1 b4 45. cxb4 axb4 46. Nc2
b3 47. axb3 cxb3 48. Na3 Nf4 49. Re8 Rxg2+ 50. Kf1 b2 51. Rb8+ Ka5 52. Rb3 Ka4
53. Rf3 g5 54. Re3 Rd2 55. Rf3 Rxd4 56. Ke1 Rd3 57. Rxd3 Nxd3+ 58. Kd2 Kxa3 59.
Kxd3 b1=Q+ 60. Kd4 Qe4+ 61. Kc5 Ka4 62. Kd6 d4 63. Kd7 d3 64. Kd6 d2 65. Kd7
d1=Q+ 66. Kc7 Qc4+ 67. Kb6 Qdb3+ 68. Ka7 Qc5+ 69. Ka8 Qa5# 0-1

[Event "NK Jeugd Cm"]
[Site "Assen"]
[Date "2017.04.26"]
[Round "6.11"]
[White "Rijken, Heidi"]
[Black "Lukasiak, Alicja"]
[Result "1-0"]
[WhiteElo "1035"]
[BlackElo "175"]
[PlyCount "61"]
[EventDate "2017.??.??"]

1. d4 d5 2. c4 e6 3. Nc3 Nf6 4. Bg5 Bb4 5. Nf3 Bxc3+ 6. bxc3 O-O 7. cxd5 exd5
8. e3 Bg4 9. Be2 Nc6 10. O-O h6 11. Bh4 Qd6 12. Bg3 Qd7 13. Qc2 Ne4 14. Rfc1
Rfe8 15. Ne5 Nxe5 16. Bxe5 c5 17. f3 Bf5 18. fxe4 Bxe4 19. Bd3 cxd4 20. exd4
Bxd3 21. Qxd3 Rac8 22. Qg3 f6 23. Bxf6 b6 24. Be5 Re7 25. Bf4 Kh8 26. Re1 Rce8
27. Rxe7 Rxe7 28. Rf1 Re4 29. Bxh6 gxh6 30. Rf8+ Kh7 31. Qg8# 1-0

[Event "NK Jeugd Cm"]
[Site "Assen"]
[Date "2017.04.27"]
[Round "7.1"]
[White "De Putter, Nina"]
[Black "Roebers, Eline"]
[Result "1/2-1/2"]
[WhiteElo "1459"]
[BlackElo "1788"]
[PlyCount "52"]
[EventDate "2017.??.??"]

1. e4 c6 2. d4 d5 3. Nc3 dxe4 4. Nxe4 Bf5 5. Ng3 Bg6 6. h4 h6 7. Nf3 Nd7 8. Bd3
Bxd3 9. Qxd3 Ngf6 10. Bd2 Qc7 11. O-O-O O-O-O 12. Ne4 Nxe4 13. Qxe4 Nf6 14. Qe2
e6 15. Kb1 Kb8 16. Bc1 Bd6 17. Ne5 Bxe5 18. Qxe5 Qxe5 19. dxe5 Nd5 20. c4 Nb6
21. b3 Rd7 22. Rxd7 Nxd7 23. f4 Kc7 24. Rd1 Rd8 25. Rd6 c5 26. Kc2 Nb8 1/2-1/2

[Event "NK Jeugd Cm"]
[Site "Assen"]
[Date "2017.04.27"]
[Round "7.2"]
[White "Honkoop, Stella"]
[Black "Adema, Marrit"]
[Result "0-1"]
[WhiteElo "1389"]
[BlackElo "1379"]
[PlyCount "134"]
[EventDate "2017.??.??"]

1. e4 c5 2. Nf3 d6 3. d3 g6 4. Nbd2 Nc6 5. c3 Bg7 6. Be2 Nf6 7. O-O O-O 8. Qc2
Bd7 9. Nb3 Rc8 10. Bd2 b5 11. Qc1 a5 12. Bh6 a4 13. Bxg7 Kxg7 14. Nbd2 Qb6 15.
h3 Rc7 16. Re1 Nh5 17. Nf1 Ra8 18. Ne3 Nf4 19. Qd2 a3 20. b3 b4 21. Nc4 Nxe2+
22. Rxe2 Qa6 23. d4 bxc3 24. Qxc3 cxd4 25. Nxd4 Kg8 26. Qd2 Nxd4 27. Qxd4 Rac8
28. Ree1 Be6 29. Ne3 Rc3 30. Qd2 Qc6 31. f3 Qb6 32. Kh1 Qb5 33. Nc4 Qb4 34.
Rac1 R3xc4 35. Qxb4 Rxb4 36. Rxc8+ Bxc8 37. Rc1 Be6 38. Rc7 Bxb3 39. axb3 Rxb3
40. Ra7 Rb1+ 41. Kh2 Ra1 42. Rxe7 a2 43. Ra7 Kg7 44. Kg3 Kf6 45. f4 Ke6 46. h4
f5 47. e5 dxe5 48. Ra6+ Kd5 49. Ra5+ Kc4 50. fxe5 Kb3 51. Kf2 Rb1 52. e6 a1=Q
53. Rxa1 Rxa1 54. e7 Ra8 55. Kf3 Re8 56. Kf4 Rxe7 57. Kf3 Re4 58. Kg3 Rg4+ 59.
Kh3 Kc4 60. g3 Kd4 61. Kg2 Ke3 62. Kh3 Kf3 63. h5 gxh5 64. Kh2 Rxg3 65. Kh1 Kf2
66. Kh2 f4 67. Kh1 Rh3# 0-1

[Event "NK Jeugd Cm"]
[Site "Assen"]
[Date "2017.04.27"]
[Round "7.3"]
[White "Martinez, Sara"]
[Black "Boghossian, Linet"]
[Result "1-0"]
[WhiteElo "1496"]
[BlackElo "1288"]
[PlyCount "107"]
[EventDate "2017.??.??"]

1. e4 e5 2. Nf3 Nc6 3. d4 exd4 4. Nxd4 Nf6 5. Nc3 Bb4 6. Bg5 Be7 7. Bf4 d6 8.
Bb5 Bd7 9. Nxc6 bxc6 10. Bc4 O-O 11. O-O Re8 12. h3 Bc8 13. e5 dxe5 14. Bxe5
Bd6 15. Re1 Be6 16. Bxf6 Qxf6 17. Bxe6 Rxe6 18. Rxe6 Qxe6 19. Qd2 Rd8 20. Kf1
Qe5 21. g3 Qf5 22. Kg2 Re8 23. Qd3 Qe6 24. a3 Rb8 25. b4 Qc8 26. Ne4 Qf5 27.
Rd1 Rd8 28. Qe3 Qe6 29. Qf3 Qe7 30. c4 Be5 31. Rxd8+ Qxd8 32. Nc5 Qf6 33. Qg4
h6 34. Qc8+ Kh7 35. Nd7 Qd6 36. Nxe5 Qxe5 37. Qg4 Qf6 38. Qe4+ Qg6 39. Qxg6+
Kxg6 40. Kf3 Kf5 41. Ke3 Ke5 42. f4+ Kd6 43. Kd4 f6 44. f5 h5 45. h4 a6 46. a4
Ke7 47. Kc5 Kd7 48. a5 Kc8 49. Kxc6 Kb8 50. b5 axb5 51. cxb5 Kc8 52. b6 cxb6
53. axb6 Kb8 54. b7 1-0

[Event "NK Jeugd Cm"]
[Site "Assen"]
[Date "2017.04.27"]
[Round "7.4"]
[White "Mang, Jessie"]
[Black "De Zoeten, Cato"]
[Result "0-1"]
[WhiteElo "1552"]
[BlackElo "1269"]
[PlyCount "90"]
[EventDate "2017.??.??"]

1. e4 c5 2. Nf3 d6 3. d4 cxd4 4. Nxd4 Nf6 5. Nc3 g6 6. Be2 Bg7 7. O-O O-O 8.
Be3 Nc6 9. Qd2 Nxd4 10. Bxd4 Be6 11. Rfd1 a6 12. a4 Rc8 13. a5 Bc4 14. Bb6 Qe8
15. Bf3 Nd7 16. Bd4 Bxd4 17. Qxd4 Ne5 18. Qe3 Qc6 19. Be2 Qc5 20. Qxc5 Rxc5 21.
Bxc4 Nxc4 22. b4 Rc6 23. Nd5 Re8 24. Kf1 Kf8 25. Ke2 Ne5 26. Rac1 Rec8 27. Nb6
Rxc2+ 28. Rxc2 Rxc2+ 29. Rd2 Rxd2+ 30. Kxd2 Ke8 31. f3 Kd8 32. Kc3 e6 33. Kd4
Kc7 34. h3 Kc6 35. f4 Nd7 36. Nxd7 Kxd7 37. e5 Kc6 38. exd6 Kxd6 39. h4 f6 40.
g3 h5 41. Kc4 Kc6 42. Kd4 Kb5 43. Kc3 e5 44. Kb3 e4 45. Kc3 f5 0-1

[Event "NK Jeugd Cm"]
[Site "Assen"]
[Date "2017.04.27"]
[Round "7.5"]
[White "De Boer, Marit"]
[Black "Arnold, Kiri"]
[Result "1-0"]
[WhiteElo "1194"]
[BlackElo "1104"]
[PlyCount "103"]
[EventDate "2017.??.??"]

1. e4 d6 2. d4 Nf6 3. Nc3 Nbd7 4. Bd3 e5 5. d5 a5 6. Nce2 Nc5 7. Ng3 Be7 8. h3
h6 9. Be3 O-O 10. Nf3 Bd7 11. c4 Re8 12. O-O b6 13. a3 Ba4 14. Bc2 Bxc2 15.
Qxc2 a4 16. Nd2 Qc8 17. Rfb1 Ncd7 18. Nf5 Nf8 19. Kh2 Ng6 20. g3 Bf8 21. b3 Qa6
22. b4 Ne7 23. Nxe7+ Bxe7 24. b5 Qc8 25. Rb4 Qb7 26. Rxa4 Rxa4 27. Qxa4 Ra8 28.
Qb4 Nd7 29. a4 Nc5 30. a5 Bf8 31. Bxc5 dxc5 32. Qc3 Bd6 33. Nb3 Kf8 34. Ra2 Kg8
35. Qa1 Kf8 36. axb6 Rxa2 37. Qxa2 cxb6 38. Nd2 f6 39. Nf1 Kf7 40. Ne3 Bf8 41.
Qa6 Qc7 42. d6 Bxd6 43. Nd5 Qd7 44. Nxb6 Qd8 45. Qa7+ Kf8 46. Nd7+ Kg8 47. Nxc5
Bc7 48. Ne6 Qd2 49. Kg2 Qc2 50. Qxc7 Qxe4+ 51. Kh2 Qh7 52. b6 1-0

[Event "NK Jeugd Cm"]
[Site "Assen"]
[Date "2017.04.27"]
[Round "7.6"]
[White "Basa, Manasvita"]
[Black "Raulji, Kavya"]
[Result "0-1"]
[WhiteElo "935"]
[BlackElo "1279"]
[PlyCount "102"]
[EventDate "2017.??.??"]

1. e4 c5 2. Nc3 d6 3. f4 Nc6 4. Nf3 g6 5. Bc4 Bg7 6. d3 e6 7. f5 exf5 8. O-O
Nge7 9. Bf4 Be6 10. Bb3 a6 11. Qd2 h6 12. Nd5 Bxb2 13. Rae1 Bg7 14. Nxe7 Nxe7
15. e5 d5 16. c4 d4 17. Ba4+ Kf8 18. h4 Rb8 19. Qe2 Nc8 20. Qf2 Na7 21. Bd1 b5
22. Nh2 bxc4 23. dxc4 Bxc4 24. Qc2 Bxf1 25. Rxf1 Rc8 26. Qc4 Qb6 27. Bb3 Qe6
28. Qe2 c4 29. Ba4 Nb5 30. Nf3 Qb6 31. Qb2 d3+ 32. Kh2 Qc5 33. Rc1 Qa3 34.
Qxa3+ Nxa3 35. Bb3 Ke7 36. Ba4 Rhd8 37. Bd2 Ke6 38. Rc3 Nb1 39. Rc1 Nxd2 40.
Nxd2 Bxe5+ 41. g3 c3 42. Bb3+ Kf6 43. Nc4 f4 44. Nxe5 Kxe5 45. gxf4+ Kf6 46.
Kg2 c2 47. Bxc2 Rxc2+ 48. Rxc2 dxc2 49. Kf3 c1=Q 50. Ke4 Qc3 51. h5 Qd3# 0-1

[Event "NK Jeugd Cm"]
[Site "Assen"]
[Date "2017.04.27"]
[Round "7.7"]
[White "Tiggelman, Laura"]
[Black "Hatzmann, Mirthe"]
[Result "1-0"]
[WhiteElo "1114"]
[BlackElo "915"]
[PlyCount "89"]
[EventDate "2017.??.??"]

1. e4 e5 2. Nf3 Nc6 3. Bc4 Bc5 4. c3 d6 5. d4 Bb6 6. Ng5 Nh6 7. Nf3 Bg4 8. h3
Bh5 9. Qd3 a6 10. Nbd2 Qe7 11. Nf1 Na5 12. g4 Bg6 13. d5 Nxc4 14. Qxc4 O-O-O
15. g5 Ng8 16. Ng3 f6 17. h4 Rf8 18. Qe2 h6 19. h5 Be8 20. Nf5 Qd7 21. g6 Kb8
22. Be3 Bxe3 23. Qxe3 Qc8 24. Nxg7 Bd7 25. Ne6 Re8 26. Nh4 Bxe6 27. dxe6 Qxe6
28. Nf5 Qd7 29. O-O-O Rd8 30. b3 Qe8 31. c4 Qe6 32. Rhe1 Qe8 33. Re2 Qe6 34.
Red2 Qe8 35. c5 Ne7 36. Nxh6 Qf8 37. Nf7 Rxh5 38. Nxd8 Qxd8 39. cxd6 Nxg6 40.
Qc3 cxd6 41. Rxd6 Qe7 42. Rd8+ Ka7 43. Qe3+ b6 44. R1d7+ Qxd7 45. Rxd7+ 1-0

[Event "NK Jeugd Cm"]
[Site "Assen"]
[Date "2017.04.27"]
[Round "7.8"]
[White "Woest, Imre"]
[Black "Bruggink, Lyne"]
[Result "1-0"]
[WhiteElo "1332"]
[BlackElo "849"]
[PlyCount "163"]
[EventDate "2017.??.??"]

1. e4 e5 2. Nf3 Nc6 3. Bb5 a6 4. Ba4 b5 5. Bb3 Bc5 6. O-O d6 7. c3 Bg4 8. h3
Bh5 9. Bd5 Nge7 10. d3 Nxd5 11. exd5 Ne7 12. c4 bxc4 13. dxc4 O-O 14. Qd3 f5
15. Ng5 Bf7 16. Qg3 Ng6 17. Nd2 Nf4 18. Re1 h6 19. Nxf7 Rxf7 20. Nb3 Bb4 21.
Bd2 Bxd2 22. Nxd2 Qf6 23. Nb3 Nh5 24. Qh2 f4 25. Rac1 Qh4 26. Nd2 Qf6 27. b4
Qg6 28. Rc3 Rb8 29. a3 a5 30. b5 Re8 31. Kh1 Qf6 32. Qg1 Rff8 33. Rb3 Rb8 34.
Qf1 g5 35. Qd3 Ng7 36. Qc3 Ra8 37. b6 cxb6 38. Rxb6 Qd8 39. Reb1 Nf5 40. c5 Qc7
41. c6 Ne7 42. Rb7 Qd8 43. Rd7 Qe8 44. Rxd6 Nf5 45. Re6 Qf7 46. Rb7 Qh5 47.
Qxe5 Qd1+ 48. Kh2 Qh5 49. Ne4 g4 50. Nf6+ Rxf6 51. Rxf6 g3+ 52. fxg3 fxg3+ 53.
Qxg3+ Nxg3 54. c7 Qe5 55. Rg6+ Kf7 56. c8=Q+ Kxg6 57. Qg4+ Qg5 58. Kxg3 Qxg4+
59. Kxg4 h5+ 60. Kf4 Rf8+ 61. Ke5 Rf5+ 62. Kd4 Rf1 63. d6 Rd1+ 64. Ke5 Re1+ 65.
Kd5 Rd1+ 66. Ke6 Re1+ 67. Kd7 Kf7 68. Kc8+ Ke8 69. d7+ Kf8 70. d8=Q+ Re8 71.
Qxe8+ Kxe8 72. Rd7 Kf8 73. Kc7 Ke8 74. Kd6 Kf8 75. Rb7 Ke8 76. Ra7 a4 77. Rb7
Kf8 78. Ke6 Kg8 79. Kf6 h4 80. Ra7 Kh8 81. Kg6 Kg8 82. Ra8# 1-0

[Event "NK Jeugd Cm"]
[Site "Assen"]
[Date "2017.04.27"]
[Round "7.9"]
[White "Van Dongen, Lana"]
[Black "Van Essen, Marieke"]
[Result "0-1"]
[WhiteElo "906"]
[BlackElo "821"]
[PlyCount "122"]
[EventDate "2017.??.??"]

1. c4 e5 2. Nc3 Nf6 3. d3 h6 4. g3 d5 5. cxd5 Nxd5 6. Bg2 Be6 7. Nf3 Nc6 8. O-O
Be7 9. a3 Qd7 10. Qc2 f6 11. Rb1 g5 12. b4 h5 13. h4 gxh4 14. Nxh4 Nd4 15. Qd2
c6 16. Ng6 Rg8 17. Nxe7 Qxe7 18. e3 Nxc3 19. exd4 Nxb1 20. Qc2 Nxa3 21. Bxa3
Rc8 22. dxe5 fxe5 23. Qc3 Qg7 24. Bb2 h4 25. Qxe5 Qxe5 26. Bxe5 hxg3 27. Bxg3
Rd8 28. Re1 Kf7 29. Re3 Rd4 30. Rf3+ Ke7 31. Re3 Kd7 32. b5 cxb5 33. Bxb7 b4
34. Kf1 b3 35. Be5 Rb4 36. Be4 b2 37. Bxb2 Rxb2 38. Bh7 Rf8 39. Re2 Rxe2 40.
Kxe2 a5 41. d4 a4 42. Bb1 Rb8 43. Be4 a3 44. d5 Bf7 45. f4 a2 46. Bf5+ Kd6 47.
Be4 a1=Q 48. f5 Rb2+ 49. Kf3 Qa4 50. f6 Rf2+ 51. Kxf2 Qxe4 52. Kg3 Qf5 53. Kg2
Bxd5+ 54. Kg3 Qxf6 55. Kg4 Ke5 56. Kg3 Bg2 57. Kxg2 Qf4 58. Kg1 Qd2 59. Kf1 Ke4
60. Kg1 Kf3 61. Kh1 Qg2# 0-1

[Event "NK Jeugd Cm"]
[Site "Assen"]
[Date "2017.04.27"]
[Round "7.10"]
[White "Mang, Dalya"]
[Black "Rijken, Heidi"]
[Result "1-0"]
[WhiteElo "1000"]
[BlackElo "1035"]
[PlyCount "133"]
[EventDate "2017.??.??"]

1. d4 d5 2. c4 e6 3. Bf4 Nc6 4. e3 Nf6 5. Nc3 Bd6 6. Bg3 Bxg3 7. hxg3 Bd7 8.
Nf3 a6 9. Bd3 Qe7 10. Qb3 Qb4 11. cxd5 exd5 12. Bc2 Qxb3 13. Bxb3 Be6 14. Rc1
O-O-O 15. Na4 Rhe8 16. O-O h6 17. Nc5 Bd7 18. Ba4 Nb8 19. Ne5 Rf8 20. Rc2 Bxa4
21. Nxa4 Nfd7 22. Rfc1 c6 23. Nd3 Kc7 24. Nf4 Kd6 25. Nc3 Nf6 26. b4 Rfe8 27.
a4 b5 28. axb5 axb5 29. Ra2 Ke7 30. Rca1 Kf8 31. Ra7 Rd7 32. Ra8 Rc7 33. R8a7
Rxa7 34. Rxa7 Nbd7 35. Rc7 Nb8 36. Ra7 Re7 37. Ra8 Re8 38. Nd3 Nbd7 39. Ra7 Rc8
40. Kf1 Ke8 41. Ke2 g5 42. f4 g4 43. Nf2 h5 44. Kd3 Kf8 45. e4 Rd8 46. Rc7 Nb8
47. exd5 Nxd5 48. Nxd5 cxd5 49. Rc5 Kg7 50. Rxb5 Kf6 51. Nd1 Ke6 52. Rb6+ Ke7
53. Ne3 Nd7 54. Nxd5+ Kf8 55. Rh6 Nc5+ 56. bxc5 Rxd5 57. Kc4 Rd7 58. Rxh5 f6
59. Rh8+ Kg7 60. Rc8 Re7 61. Kd3 Ra7 62. c6 Ra3+ 63. Ke4 Rxg3 64. Rb8 Rxg2 65.
c7 Rc2 66. c8=Q Rxc8 67. Rxc8 1-0

[Event "NK Jeugd Cm"]
[Site "Assen"]
[Date "2017.04.27"]
[Round "7.11"]
[White "Lukasiak, Alicja"]
[Black "Stevanovic, Alexandra"]
[Result "1-0"]
[WhiteElo "175"]
[BlackElo "839"]
[PlyCount "69"]
[EventDate "2017.??.??"]

1. e4 e5 2. Nf3 Nc6 3. Bb5 Bc5 4. Bxc6 bxc6 5. Nxe5 Qh4 6. O-O Qxe4 7. Nf3 d6
8. Re1 Qxe1+ 9. Qxe1+ Be6 10. d4 Bb6 11. Bd2 Nf6 12. Ba5 Bxa5 13. Qxa5 O-O 14.
Nc3 Bg4 15. Ng5 Rae8 16. Qxc7 Bf5 17. Qxc6 Bxc2 18. Nb5 Ba4 19. b3 Bxb5 20.
Qxb5 Re7 21. h3 Ne4 22. Nxe4 Rxe4 23. Qb4 Rd8 24. Re1 Rxe1+ 25. Qxe1 Kf8 26.
Qe4 g6 27. Qh4 Rc8 28. Qxh7 Ke7 29. Qh4+ Kd7 30. Qh7 Ke7 31. g4 a6 32. g5 a5
33. h4 Rc2 34. h5 gxh5 35. g6 1-0

[Event "NK Jeugd Cm"]
[Site "Assen"]
[Date "2017.04.28"]
[Round "8.1"]
[White "Adema, Marrit"]
[Black "De Boer, Marit"]
[Result "1-0"]
[WhiteElo "1379"]
[BlackElo "1194"]
[PlyCount "63"]
[EventDate "2017.??.??"]

1. d4 d5 2. c4 e6 3. Nc3 Be7 4. cxd5 exd5 5. Bf4 c6 6. e3 Bf5 7. Nge2 Nd7 8.
Ng3 Bg6 9. Be2 Ngf6 10. O-O O-O 11. f3 Nb6 12. Kh1 Re8 13. Qe1 h6 14. Rd1 Bd6
15. Bxd6 Qxd6 16. Qf2 Re7 17. Bd3 Rae8 18. e4 Nh5 19. e5 Qe6 20. f4 Nxg3+ 21.
Qxg3 Bxd3 22. Qxd3 f5 23. Qh3 Kf7 24. Rf2 Rh8 25. Rg1 Ree8 26. g4 g6 27. gxf5
Qxf5 28. Qxf5+ gxf5 29. Rfg2 Reg8 30. e6+ Kf8 31. e7+ Kf7 32. Rxg8 1-0